000 00616cab a2200205 4500
001 WB3332-17
008 090401t1997 xxu||||| |||| 00| 0 eng d
035 _a(Sirsi) u80243
041 _aeng
245 _aPostcodes mean money
260 _c1997
350 _a0
490 _aGuardian
_v11 August 1997, 3(1)
520 _aPrestigious postcodes are being sought after by people in the belief that they can seriously affect the value of a house.
650 _aHOUSE PRICES
650 _aPOSTCODES
690 _aPROPERTY-RESIDENTIAL PROPERTY-RESIDENTIAL PROPERTY MARKET
942 _n0
948 _c13/08/1997
999 _c50512
_d50512